000 00561cam a2200193 4500500
005 20260329003439.0
041 _afre
042 _adc
100 1 0 _aLequin, Mathilde
_eauthor
245 0 0 _aEmerson. L’œuvre
260 _c2015.
500 _a39
690 _aConfiance
690 _aEmerson
690 _aMontaigne
690 _aTranscendantalisme
786 0 _nPhilosophie magazine | 93 | 10 | 2015-10-01 | p. 49-49 | 1951-1787
856 4 1 _uhttps://shs.cairn.info/magazine-philosophie-magazine-2015-10-page-49?lang=fr&redirect-ssocas=7080
999 _c1824674
_d1824674